000 01156nam a22002177a 4500
005 20180202101902.0
010 _aB-667085
020 _a9788190959971
_c395.00
035 _aB-667085
037 _bजनवाणी प्रकाशन
082 _a
100 _aआशापूर्णा देवी
245 _aपुनर्मिलन:
_cआशापूर्णा देवी ;ममता खरे द्वारा अनुदित
_bफिर मिल गए /
246 _aPunarmilan: phir mil gay/
_bed. by Aashapurna Devi Mamata Khare
260 _aदिल्ली
_bशिक्षा किरण
_c2016
270 _a6/85, कडकड़ी रोड शाहदरा
_bदिल्ली
_e110032
300 _a166पृ
_c22सेमी (सजिल्द)
700 _aखरे, ममता
_918567
942 _2ddc
_cHN
_mआशापू
_h
999 _c149644
_d149644